| 000 | 01564nam a22003977a 4500 | ||
|---|---|---|---|
| 003 | CHAP | ||
| 005 | 20220329143314.0 | ||
| 008 | 080417d2008 mx r 00110 spa d | ||
| 010 | _a94719 | ||
| 011 | _a95691 | ||
| 035 | _a106320 | ||
| 040 | _cCHAP | ||
| 090 | _aTesis | ||
| 100 | 1 |
_aGutiérrez Moreno, Rebeca Adriana. _951772 |
|
| 245 | 1 | 0 |
_aAsociación de Chalcolepidius sp. en la pudrición bacteriana del Tetecho (Neobuxbaumia tetetzo) en Zapotitlan, Puebla _c/por Rebeca Adriana Gutiérrez Moreno |
| 260 |
_aChapingo, Méx. : _bEl autor, _c2008 |
||
| 300 |
_a56 h. : _bilus. ; cuadros |
||
| 502 | _aTesis (Ing. Agr. Esp. en Parasitología Agrícola) -- UACH. Depatamento deParasitología Agrícola | ||
| 530 | _aTambién disponible en línea | ||
| 590 |
_aALEPH _b10 _c20130110 _lUCH01 _h1522 |
||
| 590 |
_aBATCH-UPD _b10 _c20130110 _lUCH01 _h0640 |
||
| 590 |
_aBATCH-UPD _b10 _c20130410 _lUCH01 _h0324 |
||
| 590 |
_aBATCH-UPD _b10 _c20130914 _lUCH01 _h0806 |
||
| 590 |
_aBATCH-UPD _b10 _c20140324 _lUCH01 _h1506 |
||
| 590 |
_aBATCH-UPD _b10 _c20141002 _lUCH01 _h0836 |
||
| 590 |
_aCONVERSION _b10 _c20130109 _lUCH01 _h1352 |
||
| 650 | 1 | 4 |
_aCactáceas. _916994 |
| 650 | 1 | 4 |
_aCactáceas _xEnfermedades. _917003 |
| 650 | 1 | 4 |
_aCactáceas _zPuebla. _917025 |
| 650 | 1 | 4 |
_aNeobuxbaumia. _980846 |
| 856 |
_3Finding aid _uhttp://10.13.5.2/tesis/106320.pdf _zTeclea aqui |
||
| 901 | _aBK | ||
| 942 | _cFOLL | ||
| 949 |
_aTesis _bBC _cTES _d33724002040801 _eTS1 _gDonaciØn _h47619 _i106320 _sb |
||
| 949 |
_aTesis _bBC _cTES _d33724002041165 _eTS2 _fc.2 _gDonaciØn _h47620 _i106320 _si |
||
| 999 |
_c94719 _d94719 |
||